Privatización: un nuevo desafío para el sindicalismo

Análisis de la privatización, por parte del gobierno, de ciertos servicios públicos con el objetivo de reducir el empleo y cumplir con los acuerdos con los organismos financieros internacionales. Examina la situación que se presenta con los ferrocarrileros y las acciones de éstos para enfrentar el p...

সম্পূর্ণ বিবরণ

সংরক্ষণ করুন:
গ্রন্থ-পঞ্জীর বিবরন
বিন্যাস: পাঠ‍্য
বিষয়গুলি:
ট্যাগগুলো: ট্যাগ যুক্ত করুন
কোনো ট্যাগ নেই, প্রথমজন হিসাবে ট্যাগ করুন!

MARC

LEADER 00000 a a2200000 04500
001 3942
003
040
245 |a Privatización:   |b un nuevo desafío para el sindicalismo  
520 |a Análisis de la privatización, por parte del gobierno, de ciertos servicios públicos con el objetivo de reducir el empleo y cumplir con los acuerdos con los organismos financieros internacionales. Examina la situación que se presenta con los ferrocarrileros y las acciones de éstos para enfrentar el problema laboral. Igualmente se analiza la situación que se da con los trabajadores de la Caja Costarricense del Seguro Social y del Instituto Costarricense de Electricidad. LOB/mb  
650 |a SINDICALISMO  
650 |a SERVICIOS PUBLICOS  
650 |a EMPLEADOS  
650 |a ORGANISMOS INTERNACIONALES  
650 |a GOBIERNO  
650 |a CAJA COSTARRICENSE DE SEGURO SOCIAL  
650 |a INSTITUTO COSTARRICENSE DE ELECTRICIDAD  
773 |g número 20; páginas 17-21  
999 |c 32789  |d 32789